| 000 | 00599nac a22001691u 4500 | ||
|---|---|---|---|
| 008 | 100922t2000 -uk|||||r|||| 001 0 eng d | ||
| 020 | _a027364436X (pbk.) | ||
| 020 | _a978027364436 | ||
| 082 |
_a658.404 _bBUT _222 |
||
| 100 |
_aButtrick, Robert. _919695 |
||
| 245 |
_aThe project Workout : _bA Toolkit for Reaping the Rewards from all Your Business Projects / _cRobert Buttrick. |
||
| 250 | _a2nd ed. | ||
| 260 |
_aLondon : _bFinancial Times Prentice Hall, _c2000 |
||
| 300 |
_axxv, 464 p. : _bill., port. ; _c25 cm. |
||
| 650 |
_aProject management. _919696 |
||
| 942 |
_cBB _k658.404BUT _2ddc |
||
| 999 |
_c1141 _d1141 |
||